000 00461nmm a2200157Ia 4500
008 251105s9999||||xx |||||||||||||||||und||
020 _a9789562848213
041 _aspa
100 _aTrujillo, Marcela
245 0 _aEl diario íntimo de Maliki 4 ojos
264 _a[Santiago de Chile, Chile] :
_bRil editores,
_c2011
300 _a182 páginas
650 _aGraphic novels (Comics)
856 _uhttps://public.digitaliapublishing.com/a/19149
942 _cCF
999 _c94529
_d94529